STN EN 1088/A1: 2007 (83 3007) [neplatná], Bezpečnosť strojov. Blokovacie zariadenia ochranných krytov. Zásady navrhovania a výberu. Zmena A1

Zmena A1 STN EN 1088: 1998 je slovenskou verziou európskej normy EN 1088: 1995/A1: 2007

Bibliographic Details
Other Authors: Masarovičová, Eva (Translator)
Format: Book
Language:Slovak
English
PhysicalDescription:8 s. obr. 30 cm
Published: Bratislava Slovenský ústav technickej normalizácie 2007
Subjects:

MARC

LEADER 00000cam a2200000 a 4500
001 vtls009806963
003 SK-MaSNL
005 20260301211930.0
008 160627s2007 xo a f u 000 0 slo
015 |a SNBN2015 
020 |c (cen. skup. 8) 
035 |a (SVKBBclas03)vtls000278041 
040 |a SNK  |b slo  |c SNK  |e AACR2 
041 1 |a slo  |h eng 
044 |a xo  |c SK 
046 |a m  |m 200710 (účin.)  |n [20091229] (zruš.) 
072 7 |a 62  |x Technika všeobecne  |2 konspekt 
080 |a 62-1  |2 2001 
080 |a 331.45  |2 2001 
080 |a 006.88  |2 2001 
080 |a (4)CEN  |2 2001 
080 |a (437.6)  |2 2001 
080 |a (083.742)  |2 2001 
084 |a 13.110  |2 ICS 
130 0 |a STN 83 3007 (STN EN 1088/A1) [neplatná]  |9 596540 
245 1 0 |a STN EN 1088/A1: 2007 (83 3007) [neplatná], Bezpečnosť strojov. Blokovacie zariadenia ochranných krytov. Zásady navrhovania a výberu. Zmena A1 
246 1 0 |a Bezpečnosť strojov 
246 1 0 |a Blokovacie zariadenia ochranných krytov 
246 3 0 |a EN 1088: 1995/A1: 2007 E 
260 |a Bratislava  |b Slovenský ústav technickej normalizácie  |c 2007 
300 |a 8 s.  |b obr.  |c 30 cm 
500 |a Spracovateľ: Eva Masarovičová 
500 |a [Norma je nahradená normou STN EN 1088+A2 z januára 2009] 
504 |a Zmeny v literatúre s. 8 
520 8 |a Zmena A1 STN EN 1088: 1998 je slovenskou verziou európskej normy EN 1088: 1995/A1: 2007 
540 |a STN vydané na akomkoľvek nosiči sa môžu rozmnožovať a rozširovať iba so súhlasom určenej právnickej osoby  |b SÚTN Bratislava  |c zákon 264/1999 Z.z. 
650 0 7 |a stroje  |2 SNKPH  |9 3551 
650 0 7 |a bezpečnosť práce  |2 SNKPH  |9 1296 
650 0 7 |a technické normy a štandardy  |z Slovensko  |2 SNKPH  |9 79594 
650 0 7 |a technické normy a štandardy  |z krajiny Európskej únie  |2 SNKPH  |9 289341 
650 0 7 |a strojné mechanizmy  |2 SNKPH  |9 69322 
650 0 7 |a Machines  |2 SNKPHeng  |9 268704 
650 0 7 |a Occupational safety  |2 SNKPHeng  |9 287472 
655 7 |a normy  |2 SNKPH  |9 70643 
700 1 |a Masarovičová, Eva  |4 trl  |9 318978 
710 2 |a Slovenský ústav technickej normalizácie (Bratislava, Slovensko).  |b Technická komisia č. 29 Bezpečnosť strojov a ergonómia  |4 stn  |9 318863 
774 1 8 |t STN EN 1088: 1998  |d Bratislava : Slovenský ústav technickej normalizácie, 1998  |w vtls001337571 
774 1 8 |t STN EN 1088+A2: 2009  |d Bratislava : Slovenský ústav technickej normalizácie, 2009  |w vtls009476437 
958 |a OP 
958 |a NB 
999 |c 917096  |d 919026 
952 |a SNK  |b SNK  |y PREZ  |7 0  |p 17A1169959  |o snkSTN EN 1088/A1  |i snk2015/24479  |8 0  |0 0  |1 0  |4 0  |d 2015-08-14  |l 0  |r 2026-02-24 08:04:13  |w 2026-02-24 
952 |a SNK  |b SNK  |y PREZ  |7 0  |p 17A1169960  |o snkSTN EN 1088/A1 D1  |i snk2015/24480  |8 0  |0 0  |1 0  |4 0  |d 2015-08-14  |l 0  |r 2026-02-24 08:04:13  |w 2026-02-24